Statistics for Classic GameCube Games by Screenshot

Click here to take the quiz!

General Stats

  • This quiz has been taken 128 times
  • The average score is 16 of 20

Answer Stats

Answer% Correct
Mario Kart: Double Dash!!
98%
Luigi's Mansion
95%
Mario Party 4
94%
Pokémon Colosseum
93%
Sonic Adventure DX: Director's Cut
93%
The Legend of Zelda: The Wind Waker
93%
Super Smash Bros. Melee
92%
Animal Crossing
89%
Paper Mario: The Thousand-Year Door
88%
Pikmin
87%
Star Fox Adventures
87%
Super Mario Sunshine
87%
Star Wars Rogue Squadron II: Rogue Leader
86%
Resident Evil 4
83%
F-Zero GX
80%
Metroid Prime
78%
Rayman 3
78%
Donkey Konga
49%
Kirby Air Ride
45%
Final Fantasy Crystal Chronicles
29%

Score Distribution

Percentile by Number Answered

Percent of People with Each Score

Your Score History

You have not taken this quiz